<?xml version="1.0" encoding="UTF-8"?>
<record
    xmlns:xsi="http://www.w3.org/2001/XMLSchema-instance"
    xsi:schemaLocation="http://www.loc.gov/MARC21/slim http://www.loc.gov/standards/marcxml/schema/MARC21slim.xsd"
    xmlns="http://www.loc.gov/MARC21/slim">

  <leader>02984cam a22004694i 4500</leader>
  <controlfield tag="003">PE-LiUPU</controlfield>
  <controlfield tag="005">20250731165424.0</controlfield>
  <controlfield tag="008">160127s2015    pe a   grm    000 0 spa d</controlfield>
  <datafield tag="035" ind1=" " ind2=" ">
    <subfield code="a">(Sirsi) a155835</subfield>
  </datafield>
  <datafield tag="040" ind1=" " ind2=" ">
    <subfield code="a">PE-LiUPU</subfield>
    <subfield code="b">spa</subfield>
    <subfield code="c">PE-LiUPU</subfield>
    <subfield code="e">rda</subfield>
  </datafield>
  <datafield tag="082" ind1="0" ind2="4">
    <subfield code="a">254.5</subfield>
    <subfield code="b">G63 T3</subfield>
  </datafield>
  <datafield tag="099" ind1=" " ind2=" ">
    <subfield code="a">TT 3</subfield>
    <subfield code="b">G63 2015</subfield>
  </datafield>
  <datafield tag="100" ind1="1" ind2=" ">
    <subfield code="a">Godeau D&#xED;az, Dante</subfield>
    <subfield code="e">autor</subfield>
  </datafield>
  <datafield tag="245" ind1="1" ind2=" ">
    <subfield code="a">Principios de iglecrecimiento seg&#xFA;n Hechos 2:41-47 /</subfield>
    <subfield code="c">Dante Goceau D&#xED;az.</subfield>
  </datafield>
  <datafield tag="264" ind1=" " ind2="0">
    <subfield code="c">2015.</subfield>
  </datafield>
  <datafield tag="300" ind1=" " ind2=" ">
    <subfield code="a">146 hojas </subfield>
    <subfield code="c">28.5 cm</subfield>
  </datafield>
  <datafield tag="336" ind1=" " ind2=" ">
    <subfield code="a">text</subfield>
    <subfield code="2">rdacontent</subfield>
  </datafield>
  <datafield tag="337" ind1=" " ind2=" ">
    <subfield code="a">unmediated</subfield>
    <subfield code="2">rdamedia</subfield>
  </datafield>
  <datafield tag="338" ind1=" " ind2=" ">
    <subfield code="a">volume</subfield>
    <subfield code="2">rdacarrier</subfield>
  </datafield>
  <datafield tag="502" ind1=" " ind2=" ">
    <subfield code="a">Tesis</subfield>
    <subfield code="b">(Mg.) -- </subfield>
    <subfield code="c">Universidad Peruana Uni&#xF3;n,</subfield>
    <subfield code="d">2015.</subfield>
  </datafield>
  <datafield tag="504" ind1=" " ind2=" ">
    <subfield code="a">Incluye bibliograf&#xED;a</subfield>
  </datafield>
  <datafield tag="520" ind1="3" ind2=" ">
    <subfield code="a">El estudio responde al m&#xE9;todo hist&#xF3;rico-gram&#xE1;tico. Es de naturaleza b&#xED;blico-teol&#xF3;gica y corresponde al g&#xE9;nero hist&#xF3;rico del NT, para abordar la investigaci&#xF3;n sobre la base de una correcta interpretaci&#xF3;n del texto b&#xED;blico, se realiz&#xF3; un estudio exeg&#xE9;tico de Hechos 2:41-47. Primero, se considera el texto b&#xED;blico para fijar los l&#xED;mites del texto, se analiza las variantes textuales. Se realiza un estudio comparativo de las versiones b&#xED;blicas en espa&#xF1;ol y luego se hace una reducci&#xF3;n personal. Tambi&#xE9;n se realiza un an&#xE1;lisis morfo-sint&#xE1;ctico, se analiza algunas palabras claves, luego se realiza un estudio intertextual. Se analiza el significado original del texto y se presenta la aplicaci&#xF3;n teol&#xF3;gica del pasaje b&#xED;blico.  Segundo, se analiza el crecimiento de las principales iglesias cristianas durante el siglo I d.C. en Jerusal&#xE9;n, Antioqu&#xED;a, Europa y Roma, de acuerdo con su contexto y con la informaci&#xF3;n que la Biblia proporciona mediante los escritos de Pedro, Pablo y otros. Tercero, se analiza la importancia de los principios de crecimiento de iglesia, extra&#xED;dos de la Biblia con las tendencias cl&#xE1;sicas y modernas del estudio de la misi&#xF3;n. Por &#xFA;ltimo, se busca extraer las conclusiones correspondientes brindando adem&#xE1;s las sugerencias que se desprenden del estudio para futuros alcances. Resumiendo los principios en ocho: 1) Disposici&#xF3;n para la predicaci&#xF3;n, 2) Perseverancia en el estudio de la Biblia, 3) Constancia en la oraci&#xF3;n, 4) Unidad en la comuni&#xF3;n, 5) Esperar maravillas y milagros, 6) Aliviar las necesidades de otros, 7) Permanencia en la asistencia al templo y 8) Gozo en la alabanza y adoraci&#xF3;n.</subfield>
  </datafield>
  <datafield tag="526" ind1=" " ind2=" ">
    <subfield code="a">SEG44</subfield>
  </datafield>
  <datafield tag="526" ind1=" " ind2=" ">
    <subfield code="a">SEG26</subfield>
  </datafield>
  <datafield tag="526" ind1=" " ind2=" ">
    <subfield code="a">P151</subfield>
  </datafield>
  <datafield tag="526" ind1=" " ind2=" ">
    <subfield code="a">P150</subfield>
  </datafield>
  <datafield tag="526" ind1=" " ind2=" ">
    <subfield code="a">P149</subfield>
  </datafield>
  <datafield tag="526" ind1=" " ind2=" ">
    <subfield code="a">P146</subfield>
  </datafield>
  <datafield tag="526" ind1=" " ind2=" ">
    <subfield code="a">P145</subfield>
  </datafield>
  <datafield tag="526" ind1=" " ind2=" ">
    <subfield code="a">P126</subfield>
  </datafield>
  <datafield tag="526" ind1=" " ind2=" ">
    <subfield code="a">P125</subfield>
  </datafield>
  <datafield tag="526" ind1=" " ind2=" ">
    <subfield code="a">P92</subfield>
  </datafield>
  <datafield tag="526" ind1=" " ind2=" ">
    <subfield code="a">P75</subfield>
  </datafield>
  <datafield tag="526" ind1=" " ind2=" ">
    <subfield code="a">P74</subfield>
  </datafield>
  <datafield tag="526" ind1=" " ind2=" ">
    <subfield code="a">P27</subfield>
  </datafield>
  <datafield tag="526" ind1=" " ind2=" ">
    <subfield code="a">P15</subfield>
  </datafield>
  <datafield tag="650" ind1="0" ind2="4">
    <subfield code="a">Crecimiento de iglesia</subfield>
    <subfield code="v">Tesis.</subfield>
  </datafield>
  <datafield tag="650" ind1="0" ind2="4">
    <subfield code="a">Biblia</subfield>
    <subfield code="p">N.T.</subfield>
    <subfield code="p">Hechos 2</subfield>
    <subfield code="x">Comentarios</subfield>
    <subfield code="v">Tesis.</subfield>
  </datafield>
  <datafield tag="596" ind1=" " ind2=" ">
    <subfield code="a">1</subfield>
  </datafield>
  <datafield tag="942" ind1=" " ind2=" ">
    <subfield code="2">ddc</subfield>
    <subfield code="c">TESIS</subfield>
  </datafield>
  <datafield tag="999" ind1=" " ind2=" ">
    <subfield code="a">TT 3 G63 2015</subfield>
    <subfield code="w">ALPHANUM</subfield>
    <subfield code="c">8512</subfield>
    <subfield code="i">T01870</subfield>
    <subfield code="l">CCODEBUL3</subfield>
    <subfield code="m">BUL</subfield>
    <subfield code="r">1</subfield>
    <subfield code="s">Y</subfield>
    <subfield code="t">TESIS</subfield>
    <subfield code="u">2016-1-27</subfield>
    <subfield code="x">POSGRADO</subfield>
    <subfield code="P">P85</subfield>
    <subfield code="o">.STAFF. Tesis</subfield>
    <subfield code="d">8512</subfield>
  </datafield>
  <datafield tag="980" ind1=" " ind2=" ">
    <subfield code="8">1</subfield>
    <subfield code="g">ALBERTO SANCHEZ Responsable de Automatizaci&#xF3;n</subfield>
  </datafield>
  <datafield tag="952" ind1=" " ind2=" ">
    <subfield code="r">2022-07-06 00:00:00</subfield>
    <subfield code="l">0</subfield>
    <subfield code="o">TT 3 G63 2015</subfield>
    <subfield code="p">T01870</subfield>
    <subfield code="t">e1</subfield>
    <subfield code="w">2016-01-27</subfield>
    <subfield code="x">PG</subfield>
    <subfield code="y">TESIS</subfield>
    <subfield code="z">Este &#xCD;tem NO se presta por ser Ejemplar #1.</subfield>
    <subfield code="1">0</subfield>
    <subfield code="2">ddc</subfield>
    <subfield code="7">1</subfield>
    <subfield code="8">TESIS</subfield>
    <subfield code="f">P85</subfield>
    <subfield code="a">BUL</subfield>
    <subfield code="b">BUL</subfield>
    <subfield code="c">TESIS</subfield>
    <subfield code="d">2016-01-27</subfield>
  </datafield>
</record>
